| 000 | 00413nam a2200169Ia 4500 | ||
|---|---|---|---|
| 005 | 20140403090414.0 | ||
| 008 | 140130s9999 xx 000 0 und d | ||
| 050 |
_aPZ 7 _b.W721 2000 |
||
| 245 |
_cWilliams, Laura E. _aThe mystery of the dark lighthouse |
||
| 260 |
_bScholastic, _c2000 |
||
| 300 |
_a117 p. : _c19 cm. |
||
| 440 | _v1 | ||
| 521 | _aG4 | ||
| 526 | _c640 | ||
| 942 |
_cBK _2lcc |
||
| 999 |
_c40846 _d40846 |
||